00491nam a2200133 a 450000100100000000500170001000800410002704000250006824501060009326000380019930000270023770000370026471000560030100002956620251120073733.0110418s1999 dr a 000 0 spa d aDO-SdBNPbspacBNPHU00aOrientaciones para la democrácia :borientaciones pedagógicas /cGladys Graciela García Romero. a[Santo Domingo] :bPUCAMM,c1999. a59 p. :bil. ;c28 cm.1 aGarcía Romero, Gladys Graciela2 aPontificia Universidad Católica Madre y Maestra